ՀՀ Գիտությունների ազգային ակադեմիայի հիմնարար գիտական գրադարան  =   Fundamental Scientific Library of NAS RA

Ստեփաննոս Պալասանեան : (Record no. 115901)

MARC details
000 -LEADER
fixed length control field 00788nam a2200193 a 4500
001 - CONTROL NUMBER
control field 000312785
003 - CONTROL NUMBER IDENTIFIER
control field AM-YeHGA
005 - DATE AND TIME OF LATEST TRANSACTION
control field 20250618072008.0
008 - FIXED-LENGTH DATA ELEMENTS--GENERAL INFORMATION
fixed length control field 040226s1895 ai 000 | arm d
040 ## - CATALOGING SOURCE
Original cataloging agency AM-YeHGA
041 0# - LANGUAGE CODE
Language code of text/sound track or separate title arm
090 ## - LOCALLY ASSIGNED LC-TYPE CALL NUMBER (OCLC); LOCAL CALL NUMBER (RLIN)
-- 117246
100 1# - MAIN ENTRY--PERSONAL NAME
Personal name Հարությունյան, Իսահակ Ղազարի,
Dates associated with a name 1863-1928
9 (RLIN) 1167
245 10 - TITLE STATEMENT
Title Ստեփաննոս Պալասանեան :
Remainder of title (Մի քանի խօսք նրա կեանքի եւ գրականական ուղղութեան մասին) /
Statement of responsibility, etc. Ի. Յարութիւնեանց.
260 ## - PUBLICATION, DISTRIBUTION, ETC.
Place of publication, distribution, etc. Թիֆլիս :
Name of publisher, distributor, etc. տպ. Մ. Շարաձէ եւ ընկ,
Date of publication, distribution, etc. 1895.
300 ## - PHYSICAL DESCRIPTION
Extent 33 էջ ;
Dimensions 19 սմ.
500 ## - GENERAL NOTE
General note (Արտատպած «Լումայ» գրական հանդիսից)
504 ## - BIBLIOGRAPHY, ETC. NOTE
Bibliography, etc. note Մատենագիտ. տողատ. ծանոթ.
Holdings
Withdrawn status Lost status Damaged status Not for loan Collection Home library Current library Date acquired Total checkouts Full call number Barcode Date last seen Price effective from Koha item type Public note Cost, replacement price
        General Fundamental Scientific Library Fundamental Scientific Library 22/12/2016   371(479.25)(092) 220067042 22/12/2016 22/12/2016 Գրքեր / Books 30 Days Loan  
        General Fundamental Scientific Library Fundamental Scientific Library 22/12/2016   AII/12113 FL0013995 22/12/2016 22/12/2016 Գրքեր / Books 30 Days Loan 1.00
        General Fundamental Scientific Library Fundamental Scientific Library 22/12/2016   AII/2899 FL0027452 22/12/2016 22/12/2016 Գրքեր / Books 30 Days Loan  


ՀՀ ԳԱԱ հիմնարար գիտական գրադարան
ՀՀ,Երևան 0019
Մարշալ Բաղրամյան 24/6
հեռախոս:(374-10) 52-47-50
Հետադարձ կապ

All site content, except where otherwise noted, is licensed under a
Creative Commons License